000 00300nam a22001337a 4500
008 181008b xxu||||| |||| 00| 0 eng d
020 _a9781570662904
041 _aeng
080 _a004
100 _a30
101 _aSHK
245 _aIcd P cm clinical Modification
_cjames.p
942 _2udc
_cBK
999 _c49020
_d49020